书目信息 |
| 题名: |
柳林风声
|
|
| 作者: | 格雷厄姆 原著 ;沃格尔 , 李雪梅 , 王红欣 , 李雪梅 改写 | |
| 分册: | ||
| 出版信息: | 大连 大连理工大学出版社 2008.07 |
|
| 页数: | 254页 | |
| 开本: | 21cm | |
| 丛书名: | ||
| 单 册: | ||
| 中图分类: | H319.4:I | |
| 科图分类: | ||
| 主题词: | 童话--tong hua--英国--近代 , 英语--ying yu--语言读物 | |
| 电子资源: | ||
| ISBN: | 978-7-5611-4291-2 | |
| 000 | 01583nam0 2200337 450 | |
| 001 | 012009871403 | |
| 005 | 20090505162221.19 | |
| 010 | @a978-7-5611-4291-2@dCNY26.00 (含光盘) | |
| 016 | @aCN-Q08-08-0104-0@b光盘 | |
| 100 | @a20090505d2008 em y0chi0120 ea | |
| 101 | 2 | @achi@aeng@ceng |
| 102 | @aCN@b210000 | |
| 105 | @aa z 000ay | |
| 106 | @ar | |
| 200 | 1 | @a柳林风声@Aliu lin feng sheng@d= The wind in the willows@f(英) Kenneth Grahame原著@F(ying)Kenneth Grahame yuan zhu@gMalvina G. Vogel改写@GMalvina G.Vogel gai xie@g李雪梅, 王红欣译注@Gli xue mei,wang hong xin yi zhu@zeng |
| 210 | @a大连@c大连理工大学出版社@d2008.07 | |
| 215 | @a254页@c图@d21cm@e光盘1片 | |
| 300 | @a世界名著全英简易读物插图典藏版一抹红·风过有情·04 | |
| 314 | @a责任者(Grahame)、(Vogel)、 (Tomei)规范汉译姓 : 格雷厄姆、沃格尔、托梅伊 | |
| 330 | @a本书介绍托德,一只富有而自负的青蛙,躁动的心使他无法安于现有的生活,他想去体验疯狂的世界,渴望冒险,喜欢刺激。于是他偷窃,飚车,出车祸,入狱又越狱,这一切冒险的经历丰富了他的生活,却给他人造成了巨大的伤害,可是他并不引以为然。他的三个朋友苦口规劝却毫无用处。直到有一天…… | |
| 510 | 1 | @aWind in the willows@zeng |
| 606 | 0 | @a童话@Atong hua@y英国@z近代 |
| 606 | 0 | @a英语@Aying yu@j语言读物 |
| 690 | @aH319.4:I@v4 | |
| 701 | 1 | @a格雷厄姆@Age lei e mu@g(Grahame, Kenneth)@4原著 |
| 702 | 1 | @a沃格尔@Awo ge er@g(Vogel, Malvina G.)@4改写 |
| 702 | 0 | @a李雪梅@Ali xue mei@4译注 |
| 702 | 0 | @a王红欣@Awang hong xin@4译注 |
| 702 | 0 | @a李雪梅@Ali xue mei@4译注 |
| 801 | 0 | @aCN@bQSSK@c20090505 |
| 905 | @b742341-43@dH319.4:I@eG275@f3 | |
| 柳林风声= The wind in the willows/(英) Kenneth Grahame原著/Malvina G. Vogel改写/李雪梅, 王红欣译注.-大连:大连理工大学出版社,2008.07 |
| 254页:图;21cm+光盘1片 |
| 世界名著全英简易读物插图典藏版一抹红·风过有情·04 |
| ISBN 978-7-5611-4291-2:CNY26.00 (含光盘) |
| 本书介绍托德,一只富有而自负的青蛙,躁动的心使他无法安于现有的生活,他想去体验疯狂的世界,渴望冒险,喜欢刺激。于是他偷窃,飚车,出车祸,入狱又越狱,这一切冒险的经历丰富了他的生活,却给他人造成了巨大的伤害,可是他并不引以为然。他的三个朋友苦口规劝却毫无用处。直到有一天…… |
| ● |
| 相关链接 |
|
|
|
正题名:柳林风声
索取号:H319.4:I/G275
 
预约/预借
| 序号 | 登录号 | 条形码 | 馆藏地/架位号 | 状态 | 备注 |
| 1 | 742341 | 207423411 | 语言库209/209语言库 53排2列4层/ [索取号:H319.4:I/G275] | 在馆 | |
| 2 | 742342 | 207423420 | 语言库209/209语言库 53排2列4层/ [索取号:H319.4:I/G275] | 在馆 | |
| 3 | 742343 | 207423439 | 语言库209/209语言库 53排2列4层/ [索取号:H319.4:I/G275] | 在馆 |